000 00496nam a2200157Ia 4500
003 SGT
020 _a9789350141243
082 _a1.535
_bGOS
100 _aGoswami,Gunjan
245 _aIntroduction to artifical Intelligence
260 _bS.K. Kataria & SONS
_aN.Delhi
_c2012
300 _a380p.
650 _aCOMPUTER SCIENCE
653 _aINTRODUCTION TO ARTIFICIAL INTELLIGENCE, PROBLEM SPACES AND SEARCH, HEURISTIC SEARCH TECHNIQUES, GAME PLAYING, USING PREDICATE KNOWLEDGE
942 _2ddc
_cBK
999 _c5471
_d5471